[Event "Brcko 1st"]
[Site "Brcko"]
[Date "2023.06.30"]
[Round "4"]
[White "Pikula, Dejan"]
[Black "Seslija, Zoran"]
[Result "1-0"]
[WhiteElo "2332"]
[BlackElo "2150"]
[PlyCount "47"]
[EventDate "2023.06.28"]
[EventType "tourn"]
[EventRounds "9"]
[EventCountry "BIH"]
[SourceTitle "EXT 2024"]
[Source "ChessBase"]
[SourceDate "2023.10.10"]
[SourceVersion "1"]
[SourceVersionDate "2023.10.10"]
[SourceQuality "1"]

1. e4 e5 2. Nf3 Nc6 3. Bc4 Bc5 4. 0-0 Nf6 5. d3 d6 6. c3 a5 7. Re1 0-0 8. h3 Ba7 9. Nbd2 Be6 10. Bb3 Re8 11. Nf1 Bxb3 12. Qxb3 a4 13. Qc2 b5 14. Ng3 Ne7 15. Bg5 Ng6 16. Nh5 c6 17. Nh2 Nf8 18. Bxf6 gxf6 19. Qd2 Ne6 20. Qh6 Kh8 21. Ng4 Rg8 22. Ngxf6 Ng5 23. Nxg8 Qxg8 24. Qf6+ 1-0

[Event "Arandjelovac op 1st"]
[Site "Arandjelovac"]
[Date "2023.03.19"]
[Round "6"]
[White "Vetokhin, Savva"]
[Black "Pikula, Dejan"]
[Result "1-0"]
[WhiteElo "2388"]
[BlackElo "2347"]
[PlyCount "97"]
[EventDate "2023.03.15"]
[EventType "swiss"]
[EventRounds "9"]
[EventCountry "SRB"]
[SourceTitle "CBM 213 Extra"]
[Source "ChessBase"]
[SourceDate "2023.05.31"]
[SourceVersion "1"]
[SourceVersionDate "2023.05.31"]
[SourceQuality "1"]

1. d4 Nf6 2. c4 e6 3. Nc3 Bb4 4. e3 0-0 5. Bd3 d5 6. Nf3 b6 7. cxd5 exd5 8. 0-0 Bb7 9. Ne5 a6 10. Bd2 Bd6 11. f4 c5 12. Qf3 Nc6 13. Ne2 Ne4 14. Bc3 f6 15. Nxc6 Bxc6 16. Bxe4 dxe4 17. Qf2 Qe7 18. dxc5 Bxc5 19. Nd4 Bd5 20. Rfd1 Rfd8 21. Qg3 Qf7 22. a3 Rd7 23. Rd2 Rad8 24. Rad1 h6 25. h3 a5 26. Kh2 Kh7 27. Qg4 Kh8 28. f5 Bxd4 29. Rxd4 h5 30. Qf4 Kg8 31. R1d2 Qe7 32. Rd1 Kh7 33. g4 h4 34. Qf2 Bb3 35. Qxh4+ Kg8 36. R1d2 a4 37. Qg3 Kh7 38. h4 Rd5 39. Qf4 Rxd4 40. Bxd4 b5 41. g5 Qd6 42. Qxd6 Rxd6 43. gxf6 gxf6 44. Kg3 Bc4 45. Kf4 Bd3 46. Rg2 Rc6 47. Rg6 Rc2 48. Rxf6 Rh2 49. Rf8 1-0

[Event "Arandjelovac op 1st"]
[Site "Arandjelovac"]
[Date "2023.03.17"]
[Round "4"]
[White "Stefansson, Vignir Vatnar"]
[Black "Pikula, Dejan"]
[Result "1-0"]
[WhiteElo "2461"]
[BlackElo "2347"]
[PlyCount "61"]
[EventDate "2023.03.15"]
[EventType "swiss"]
[EventRounds "9"]
[EventCountry "SRB"]
[SourceTitle "CBM 213 Extra"]
[Source "ChessBase"]
[SourceDate "2023.05.31"]
[SourceVersion "1"]
[SourceVersionDate "2023.05.31"]
[SourceQuality "1"]

1. d4 d6 2. Nf3 g6 3. c4 Bg7 4. g3 Nd7 5. Bg2 e5 6. Nc3 Ne7 7. 0-0 0-0 8. e4 exd4 9. Nxd4 Nc6 10. Nc2 Nb6 11. Ne3 Nd4 12. Bd2 c6 13. Rc1 f5 14. exf5 Nxf5 15. Nxf5 Bxf5 16. b3 d5 17. cxd5 cxd5 18. Nb5 a6 19. Nc7 Rc8 20. Ba5 Qd6 21. Bxb6 Qxb6 22. Qxd5+ Rf7 23. a4 Rcxc7 24. a5 Qc6 25. Qd8+ Bf8 26. Bxc6 bxc6 27. Rfe1 Rfd7 28. Qa8 Kg7 29. Qxa6 c5 30. Qc4 Rf7 31. a6 1-0

[Event "Paracin Prestige op"]
[Site "Paracin"]
[Date "2023.01.23"]
[Round "9"]
[White "Pikula, Dejan"]
[Black "Tekeyev, Zaur"]
[Result "1/2-1/2"]
[WhiteElo "2320"]
[BlackElo "2394"]
[PlyCount "130"]
[EventDate "2023.01.17"]
[EventType "swiss"]
[EventRounds "9"]
[EventCountry "SRB"]
[SourceTitle "CBM 212 Extra"]
[Source "ChessBase"]
[SourceDate "2023.03.31"]
[SourceVersion "1"]
[SourceVersionDate "2023.03.31"]
[SourceQuality "1"]

1. e4 c5 2. Nf3 Nc6 3. d4 cxd4 4. Nxd4 Nf6 5. Nc3 e6 6. Ndb5 d6 7. Bf4 e5 8. Bg5 a6 9. Na3 Be6 10. Nc4 Rc8 11. Nd5 Bxd5 12. exd5 Ne7 13. Bxf6 gxf6 14. a4 Bg7 15. a5 0-0 16. Be2 f5 17. 0-0 Ng6 18. Qd2 f4 19. Qb4 e4 20. f3 Bd4+ 21. Kh1 Bc5 22. Qa4 e3 23. Rg1 f5 24. Rad1 Rf6 25. b3 Qf8 26. Nb2 Qh6 27. Nd3 Ba7 28. g3 fxg3 29. Rxg3 Kh8 30. Rdg1 Rd8 31. Qa1 Rdf8 32. f4 Qg7 33. c4 R6f7 34. Qf1 Qf6 35. b4 Rg7 36. Qa1 Bd4 37. Qd1 Rc8 38. Ne1 Re7 39. Ng2 Re4 40. Rf1 Rce8 41. Rff3 Ba7 42. Qe1 Qb2 43. h4 Qd2 44. Qf1 Qxb4 45. h5 Ne7 46. Bd3 e2 47. Qe1 Qxe1+ 48. Nxe1 Ng8 49. Bxe4 fxe4 50. Rb3 Bf2 51. Rg2 Bxe1 52. Rxe2 Bxa5 53. Rxb7 Nf6 54. h6 e3 55. Kg2 Bd2 56. Kf3 Rf8 57. Rg2 Nh5 58. Rg5 Nxf4 59. Rf5 Ng6 60. Rxf8+ Nxf8 61. c5 dxc5 62. d6 e2 63. Kxe2 Bxh6 64. d7 Nxd7 65. Rxd7 Kg8 1/2-1/2

[Event "SRB-chT 1st League CS"]
[Site "Banja Vrujci"]
[Date "2022.10.05"]
[Round "6.1"]
[White "Pikula, Dejan"]
[Black "Kulak, Dejan"]
[Result "1-0"]
[WhiteElo "2289"]
[BlackElo "2153"]
[PlyCount "115"]
[EventDate "2022.10.01"]
[EventType "team-tourn"]
[EventRounds "11"]
[EventCountry "SRB"]
[SourceTitle "CBM 210 Extra"]
[Source "ChessBase"]
[SourceDate "2022.11.30"]
[SourceVersion "1"]
[SourceVersionDate "2022.11.30"]
[SourceQuality "1"]
[WhiteTeam "Arandjelovac"]
[BlackTeam "Nis Nais"]
[WhiteTeamCountry "SRB"]
[BlackTeamCountry "SRB"]

1. e4 Nf6 2. e5 Nd5 3. d4 d6 4. Nf3 g6 5. Bc4 Nb6 6. Bb3 Bg7 7. 0-0 0-0 8. h3 Nc6 9. Qe2 Na5 10. Re1 Nxb3 11. axb3 a6 12. c4 Bf5 13. Bf4 dxe5 14. Bxe5 Bxb1 15. Bxg7 Kxg7 16. Raxb1 e6 17. Rbd1 c6 18. Qe5+ Kg8 19. Qf4 Rc8 20. Ng5 h6 21. Ne4 Kh7 22. Nf6+ Kg7 23. Ng4 Qg5 24. Qg3 h5 25. Re5 Qd8 26. Nh2 Kh7 27. Nf3 Nd7 28. Ng5+ Kg8 29. Nxe6 h4 30. Qg4 Nxe5 31. dxe5 Qxd1+ 32. Qxd1 fxe6 33. Qd7 Rfe8 34. Qxb7 a5 35. c5 g5 36. Kf1 Kf8 37. Qh7 Rb8 38. Qh6+ Ke7 39. Qxg5+ Kd7 40. Qd2+ Ke7 41. Qd6+ Kf7 42. Qc7+ Kf8 43. Qxa5 Rxb3 44. Qd2 Re7 45. Qh6+ Ke8 46. Qh8+ Kd7 47. Qxh4 Ke8 48. Qh5+ Kf8 49. Qh6+ Ke8 50. Qd2 Rd7 51. Qc2 Rdb7 52. Qg6+ Ke7 53. Qf6+ Kd7 54. Qf7+ Kd8 55. Qf8+ Kc7 56. Qd6+ Kc8 57. Qxc6+ Kb8 58. Qd6+ 1-0

[Event "Novi Sad Vojvodina op 12th"]
[Site "Novi Sad"]
[Date "2022.07.29"]
[Round "6"]
[White "Pikula, Dejan"]
[Black "Mushini, Ajay"]
[Result "1-0"]
[WhiteElo "2325"]
[BlackElo "2108"]
[PlyCount "111"]
[EventDate "2022.07.24"]
[EventType "swiss"]
[EventRounds "9"]
[EventCountry "SRB"]
[SourceTitle "CBM 209 Extra"]
[Source "ChessBase"]
[SourceDate "2022.09.30"]
[SourceVersion "1"]
[SourceVersionDate "2022.09.30"]
[SourceQuality "1"]

1. e4 c5 2. Nf3 d6 3. c3 Nf6 4. h3 g6 5. Be2 Bg7 6. 0-0 0-0 7. d3 Nc6 8. Re1 h6 9. Bf1 e5 10. a3 d5 11. Nbd2 Be6 12. b4 cxb4 13. cxb4 a6 14. Bb2 d4 15. Rc1 Nd7 16. Nb3 Qe7 17. Nfd2 Rfc8 18. Nc4 b6 19. Re2 h5 20. Rec2 Bh6 21. Nbd2 Na7 22. Be2 Kh7 23. Rb1 b5 24. Na5 Rxc2 25. Qxc2 Rc8 26. Qd1 Bxh3 27. Nf3 Bg4 28. Bc1 Bxf3 29. Bxf3 Nb6 30. Bxh6 Kxh6 31. Rc1 Na4 32. Rxc8 Nxc8 33. Qc1+ Kg7 34. Qxc8 Nc3 35. Nc6 Qg5 36. g3 h4 37. Qc7 hxg3 38. Qxe5+ Qxe5 39. Nxe5 gxf2+ 40. Kxf2 Nb1 41. Nc6 Nxa3 42. Nxd4 Kf6 43. Nc6 g5 44. d4 Nc4 45. Nb8 a5 46. bxa5 Nxa5 47. e5+ Kf5 48. Nc6 Nc4 49. Bd5 f6 50. Ne7+ Kf4 51. exf6 Nd6 52. f7 Nxf7 53. Bxf7 Ke4 54. Nc6 b4 55. Bc4 g4 56. d5 1-0

[Event "Paracin op-A 15th"]
[Site "Paracin"]
[Date "2022.07.11"]
[Round "4"]
[White "Temizer, Umut"]
[Black "Pikula, Dejan"]
[Result "1-0"]
[WhiteElo "1921"]
[BlackElo "2325"]
[PlyCount "41"]
[EventDate "2022.07.08"]
[EventType "swiss"]
[EventRounds "9"]
[EventCountry "SRB"]
[SourceTitle "CBM 209 Extra"]
[Source "ChessBase"]
[SourceDate "2022.09.30"]
[SourceVersion "1"]
[SourceVersionDate "2022.09.30"]
[SourceQuality "1"]

1. e4 d6 2. d4 g6 3. Nc3 Bg7 4. h4 h5 5. Be2 a6 6. Bg5 Nd7 7. Qd2 c5 8. Nf3 cxd4 9. Nxd4 Ngf6 10. 0-0-0 0-0 11. g4 hxg4 12. h5 Ne5 13. h6 Bh8 14. h7+ Nxh7 15. Rxh7 Kxh7 16. Rh1+ Kg8 17. Bxe7 Bg7 18. Bxd8 Rxd8 19. Nd5 Be6 20. Nxe6 fxe6 21. Nc7 1-0